El comunismo /
El Partido Comunista argentino nació en 1918 como una alternativa revolucionaria para los trabajadores. Su fuerte vínculo con la Unión Soviética lo convirtió en el líder continental indiscutido.
Guardado en:
| Autor Principal: | |
|---|---|
| Autor Corporativo: | |
| Formato: | |
| Publicado: |
Argentina,
2011
|
| Series: | Historia De Los Partidos Politicos
|
| Materias: | |
| Acceso en línea: | https://www.educ.ar/recursos/100148/el-comunismo |
| Etiquetas: |
Agregar Etiqueta
Sin Etiquetas, Sea el primero en etiquetar este registro!
|
| LEADER | 01080ngm a22003015g 4500 | ||
|---|---|---|---|
| 001 | CEM.cems023576 | ||
| 008 | 130507s2011##################0###0#####d | ||
| 005 | 20250609141410.0 | ||
| 245 | 1 | 0 | |a El comunismo / |c Emanuel Flax. |
| 260 | |a Argentina, |c 2011 | ||
| 300 | |a 28'. | ||
| 490 | 0 | |a Historia De Los Partidos Politicos | |
| 500 | |a Consultar en ventanilla. | ||
| 538 | |a Soporte: DVD - Color: Si - Grabación DRD | ||
| 520 | |a El Partido Comunista argentino nació en 1918 como una alternativa revolucionaria para los trabajadores. Su fuerte vínculo con la Unión Soviética lo convirtió en el líder continental indiscutido. | ||
| 100 | 1 | |a Flax, Emanuel | |
| 710 | 2 | |a Canal Encuentro. | |
| 082 | 9 | 8 | |/ FLA |
| 653 | |a HISTORIA | ||
| 653 | |a HISTORIA ARGENTINA | ||
| 653 | |a PARTIDOS POLITICOS | ||
| 653 | |a COMUNISMO | ||
| 653 | |a IZQUIERDA | ||
| 653 | |a GUERRA FRIA | ||
| 653 | |a SERIE DE TELEVISIÓN | ||
| 653 | |a DOCUMENTAL | ||
| 856 | |u https://www.educ.ar/recursos/100148/el-comunismo | ||
| 859 | |a CEMS |b BIB. CEMS - Depto. Recursos Didacticos |h 982 |i FLA |k DRD |p 2219.15 |t Ej.1 | ||
